Państwa Afryki na literę G - Statystyki

Ogólne statystyki
  • Ten quiz został rozwiązany 40 razy
  • Średni wynik to 5 z 6
Statystyki odpowiedzi
Państwo % Poprawnych
Gambia
92%
Gwinea
92%
Gwinea Bissau
92%
Gwinea Równikowa
89%
Gabon
86%
Ghana
76%
Nie znaleziono quizów pasujących do podanych kryteriów
Rozkład punktacji
Procent ludzi z każdym wynikiem
Percentyl według liczby udzielonych odpowiedzi
Twoja historia wyników
Nie rozwiązałeś tego quizu